| 000 | 00941cam a2200277 a 4500 | ||
|---|---|---|---|
| 005 | 20260322212042.0 | ||
| 008 | data | ||
| 010 | _a 2008052325 | ||
| 020 | _a9781572245921 (pbk. : alk. paper) | ||
| 020 | _a1572245921 (pbk. : alk. paper) | ||
| 040 |
_aDLC _cDLC _dDLC _dBTCTA _dBAKER _dYDXCP _dCDX _dDLC |
||
| 050 | 0 | 0 |
_aP90 _b.M253 2009 |
| 082 | 0 | 0 |
_a302.2 _222 |
| 092 | _a302.2 M253 2009 | ||
| 100 | 1 | _aMcKay, Matthew. | |
| 245 | 1 | 0 |
_aMessages : _bthe communication skills book / _cMatthew McKay, Martha Davis & Patrick Fanning. |
| 250 | _a3rd ed. | ||
| 260 |
_aOakland, CA : _bNew Harbinger Publications, _cc2009. |
||
| 300 |
_avi, 358 p. : _bill. ; _c23 cm. |
||
| 504 | _aIncludes bibliographical references (p. [347]-348) and index. | ||
| 650 | 0 | _aCommunication. | |
| 700 | 1 |
_aDavis, Martha, _d1947- |
|
| 700 | 1 | _aFanning, Patrick. | |
| 856 | 4 | 1 |
_3Table of contents only _uhttp://www.loc.gov/catdir/toc/fy0905/2008052325.html |
| 001 | data | ||
| 999 |
_c999 _d999 |
||